Statistiques concernant They Shoot Pictures, Don't They? - films 381 à 400

Cliquez ici pour prendre le quiz!

Statistiques générales

  • Ce quiz a été pris 25 fois
  • Le résultat moyen est 5 sur 20

Statistiques - réponses

Réponse% Correct
Aliens
89%
Mon oncle
58%
Naissance d'une nation
42%
1900
37%
Orphée
37%
Nostalghia
32%
Harold et Maude
26%
Le Locataire
26%
Stranger than Paradise
26%
Gosses de Tokyo
21%
Les onze fioretti de Saint François d'Assise
21%
New York-Miami
21%
Macadam à deux voies
11%
Miracle à Milan
11%
Je sais où je vais
5%
L'Heure des brasiers
5%
Limite
5%
Crimes et délits
0%
L'Année des treize lunes
0%
Orlando
0%

Distribution des résultats

Percentile par nombre de réponses

% des personnes avec chaque résultat

Votre développement - résultats

Vous n’avez pas pris ce quiz